Modely reálnej a monetárnej ekonomiky diplomová práca
Na minha lista:
| Autor principal: | |
|---|---|
| Autor Corporativo: | |
| Outros Autores: | |
| Formato: | Livro |
| Idioma: | eslovaco |
| Publicado em: |
Bratislava
2008
|
| Tags: |
Sem tags, seja o primeiro a adicionar uma tag!
|
MARC
| LEADER | 00000nam$a2200000$$$4500 | ||
|---|---|---|---|
| 001 | 0083749 | ||
| 005 | 20240201115634.4 | ||
| 041 | 0 | |a slo | |
| 044 | |a SK | ||
| 245 | 1 | 0 | |a Modely reálnej a monetárnej ekonomiky |b diplomová práca |c Janka Krupčíková ; škol. Karol Szomolányi |
| 264 | 1 | |a Bratislava |c 2008 | |
| 300 | |a 39 s. | ||
| 100 | 1 | |a Krupčíková, Janka | |
| 700 | 1 | |a Szomolányi, Karol, 1976- | |
| 710 | 2 | |a Fakulta hospodárskej informatiky EU. Katedra operačného výskumu a ekonometrie | |